000 nam a22 7a 4500
999 _c354217
_d354217
003 NUST
005 20180117104123.0
008 180117b xxu||||| |||| 00| 0 eng d
020 _a9788173198526
040 _c0
082 _a616.0756 SRI
100 _aSrivastava,M.L.
_98482
245 _aBioanalytical Techniques
_cM.L.Srivastava
260 _aNew Delhi
_bNarosa Publishing House
_c2008.
300 _a458p.
500 _aP.B
942 _2ddc
_cBK
_kIESE